[Event "Manavgat Turkey Cup"]
[Site "Manavgat"]
[Date "2016.02.03"]
[Round "7"]
[White "Demirci, Baris"]
[Black "Macit, Metehan"]
[Result "1-0"]
[WhiteElo "1579"]
[BlackElo "1469"]
[PlyCount "63"]
[EventDate "2016.01.30"]
[EventType "swiss"]
[EventRounds "11"]
[EventCountry "TUR"]
[SourceTitle "CBM 170 Extra"]
[Source "ChessBase"]
[SourceDate "2016.02.25"]
[SourceVersion "1"]
[SourceVersionDate "2016.02.25"]
[SourceQuality "1"]

1. d4 Nf6 2. c4 c5 3. Nf3 cxd4 4. Nxd4 g6 5. Bg5 Bg7 6. Nc3 d6 7. Qd2 Nc6 8. Nxc6 bxc6 9. Bh6 0-0 10. Bxg7 Kxg7 11. e4 Rb8 12. Be2 Qb6 13. b3 Bg4 14. 0-0 Bxe2 15. Qxe2 Nd7 16. Kh1 h5 17. f4 Nf6 18. e5 dxe5 19. fxe5 Nd7 20. e6 Nf6 21. exf7 Rxf7 22. Qe5 Kg8 23. Ne4 Nxe4 24. Qxe4 Rg7 25. Qe6+ Kh8 26. Qe5 Kg8 27. Rae1 Re8 28. Qe6+ Kh8 29. Rf7 Qd4 30. Rxg7 Kxg7 31. Rf1 Qd6 32. Qf7+ 1-0

[Event "Manavgat Turkey Cup"]
[Site "Manavgat"]
[Date "2016.02.02"]
[Round "5"]
[White "Demirci, Baris"]
[Black "Kurtoglu, Umit"]
[Result "1-0"]
[WhiteElo "1579"]
[BlackElo "1395"]
[PlyCount "123"]
[EventDate "2016.01.30"]
[EventType "swiss"]
[EventRounds "11"]
[EventCountry "TUR"]
[SourceTitle "CBM 170 Extra"]
[Source "ChessBase"]
[SourceDate "2016.02.25"]
[SourceVersion "1"]
[SourceVersionDate "2016.02.25"]
[SourceQuality "1"]

1. e4 e5 2. Nf3 Nc6 3. Bb5 Nf6 4. 0-0 d6 5. d4 Bd7 6. dxe5 Nxe5 7. Bxd7+ Nexd7 8. Nc3 Be7 9. Bf4 0-0 10. Re1 Nh5 11. Be3 g6 12. Nd5 Re8 13. Bh6 Bf6 14. Nxf6+ Qxf6 15. Qd4 Ne5 16. Nxe5 dxe5 17. Qe3 a6 18. Rad1 Qc6 19. Rd2 Rad8 20. Red1 Rxd2 21. Qxd2 Qxe4 22. Qd8 Qc6 23. Qd7 Nf6 24. Qxc6 bxc6 25. h3 Nd5 26. c4 Nb6 27. b3 f5 28. Bg5 a5 29. Bd8 Nd5 30. Bg5 Nb6 31. a4 Kf7 32. Kf1 Ke6 33. Ke2 f4 34. Bd8 Na8 35. c5 Rf8 36. Kf3 Rf7 37. Bg5 Kf5 38. Bh6 e4+ 39. Ke2 g5 40. Rd8 Kg6 41. Bf8 f3+ 42. gxf3 Rxf3 43. Rxa8 Rxb3 44. Rxa5 Kf7 45. Ra8 Rxh3 46. a5 h6 47. a6 Ra3 48. a7 h5 49. Bh6 Kg6 50. Rg8+ Kxh6 51. a8Q Rxa8 52. Rxa8 h4 53. Rc8 g4 54. Kf1 h3 55. Rxc7 e3 56. fxe3 g3 57. Rxc6+ Kg5 58. Rd6 Kg4 59. Rf6 g2+ 60. Kg1 Kg3 61. Rg6+ Kf3 62. c6 1-0